Dr. Wilson's stories of soul winning / (Record no. 5753)

MARC details
000 -LEADER
fixed length control field 00579nam a22001937a 4500
003 - CONTROL NUMBER IDENTIFIER
control field GBCCL
005 - DATE AND TIME OF LATEST TRANSACTION
control field 20241126110549.0
008 - FIXED-LENGTH DATA ELEMENTS--GENERAL INFORMATION
fixed length control field 180405b ||||| |||| 00| 0 eng d
040 ## - CATALOGING SOURCE
Transcribing agency gbc
082 ## - DEWEY DECIMAL CLASSIFICATION NUMBER
Classification number 269.2092
Item number WIL
100 ## - MAIN ENTRY--PERSONAL NAME
Personal name Wilson, Walter L.
Dates associated with a name 1881-1969
9 (RLIN) 10391
245 ## - TITLE STATEMENT
Title Dr. Wilson's stories of soul winning /
Statement of responsibility, etc. Walter L. Wilson
260 ## - PUBLICATION, DISTRIBUTION, ETC.
Place of publication, distribution, etc. Nebraska:
Name of publisher, distributor, etc. Back to the Bible
Date of publication, distribution, etc. 1959
300 ## - PHYSICAL DESCRIPTION
Extent 160 p.;
Dimensions 18 cm.
650 ## - SUBJECT ADDED ENTRY--TOPICAL TERM
Topical term or geographic name entry element Wilson, Walter L(Lewis)
Chronological subdivision 1881-1969
9 (RLIN) 10397
650 ## - SUBJECT ADDED ENTRY--TOPICAL TERM
Topical term or geographic name entry element Evangelists
Form subdivision Biography
9 (RLIN) 10393
650 ## - SUBJECT ADDED ENTRY--TOPICAL TERM
Topical term or geographic name entry element Evangelistic work
9 (RLIN) 290
942 ## - ADDED ENTRY ELEMENTS (KOHA)
Source of classification or shelving scheme Dewey Decimal Classification
Koha item type Books
Holdings
Withdrawn status Lost status Source of classification or shelving scheme Damaged status Not for loan Home library Current Library Shelving location Date acquired Total checkouts Full call number Barcode Date last seen Copy number Price effective from Koha item type
    Dewey Decimal Classification     GRACE BIBLE COLLEGE GRACE BIBLE COLLEGE Ministry & Mission 2018-04-05   269.2092 WIL 009266 2025-05-01 c.1 2018-04-05 Books
© Grace Bible College Library 2025